| 000 | 00578cam a22002052 4500 | ||
|---|---|---|---|
| 001 | 0000006162 | ||
| 005 | 20151217145830.0 | ||
| 008 | 070920s xx 000 0 eng d | ||
| 020 | _a0131276778 | ||
| 040 |
_aKABU _cKABU |
||
| 100 | 1 |
_aDessler,Gary. _@0000157557 |
|
| 245 | 1 | 0 |
_aHuman resource management. / _cGary Dessler. |
| 250 | _a10th ed. | ||
| 260 |
_aUpper Saddle River, NJ. : _bPearson, _c2005. |
||
| 300 | _axxvii, 725. | ||
| 650 | 0 |
_aPersonnel management. _@0000150761 |
|
| 908 | _a070920 | ||
| 950 | _@1 | ||
| 999 |
_c3065 _d3065 |
||